000 00427nam a2200169Ia 4500
005 20250508161804.0
008 008 250505s9999 xx 000 0 eng d
037 _aTextual
040 _aFEDL
_beng
_cFEDL
041 _aeng
_2eng
084 _a398.2, KRI
_qFEDL
100 _aKrilov Ivan
_9771549
245 0 _aFables from Russia
300 _a64p.
942 _cTEXL
_h398.2, KRI
999 _c1372211
_d1372211